Flag guesser-(Flag) - Statistics

General Stats
  • This quiz has been taken 31 times
  • The average score is 12 of 16
Answer Stats
Picture Answer % Correct
Greece
93%
Venezuela
93%
Colombia
85%
Cuba
85%
Bahamas
81%
Honduras
81%
Lebanon
81%
Palestine
81%
Ecuador
74%
Gabon
74%
Haiti
74%
Libya
74%
Nicaragua
74%
Brunei
70%
Botswana
67%
Gambia
56%
No matching quizzes found
Score Distribution
Percent of People with Each Score
Percentile by Number Answered
Your Score History
You have not taken this quiz